000
00246nam a2200109Ia 4500
008
220204s9999 xx 000 0 und d
082
_b
WHI
100
_a
Whitrow, G J
245
0
_a
Nature of time
260
_a
England
_b
Penguin
_c
1975
942
_c
BK
999
_c
26258
_d
26258